000 00962nam2a22002171 4500
001 RU\NLR\A1SV\137184
005 20251214192410.0
035 _a(NLR Aleph) 010710726
090 _a13491067
_c13491067
100 _a20150317d1923 u y0rusy50 ca
101 0 _arus
200 1 _aВесна
215 _a42 с.
300 _aНа цв. бумаге.
461 1 _1001RU\NLR\A1SV\137179
_12000#$aДекламатор$eСб. стихотворений, песен, сценок и игр для детей младшего возраста$fА.Юшманова$vВып.1
_1700#1$aЮшманова$bА.
_99770070
_aЮшманова, А.
_cМинусинск
_d1923
_fА.Юшманова
_nГос. тип.
_oСб. стихотворений, песен, сценок и игр для детей младшего возраста
_tДекламатор
_vВып.1
801 0 _aRU
_bNLR
_c20150317
852 _aNLR
942 _cBOOK
980 _aA1SV
980 _aNB